00763nam a2200205 a 450000100100000000500170001000800410002702000150006804000250008310000530010824500380016126000310019930000210023049000310025183000380028204900090032095201050032995201060043499900170054000003529720200930074235.0111027s2003 sp 000 0 spa d a849764350x aDO-SdBNPbspacBNPHU1 aNietzsche, Friedrich Wilhelm,d1844-1900.91928310aEcce Homo /cFriedrich Nietzsche. aEspaña :bEdimat Libros. a159 p. ;c20 cm.1 aClásico de la literatura 0aClásico de la literatura961065 aBNPD 001050718MOaGRbGRcHDd2011-10-27iLF1l0o p35297-10r2020-06-25w2020-06-25y1ZNo se presta 0010507-18MOaGRbGRcOId2011-10-27iLF1l0o p35298-10r2020-06-25w2020-06-25y1ZNo se presta c34788d34788